जेल जीवन की झलक / (Record no. 118982)

MARC details
000 -LEADER
fixed length control field 01035nam a22002537a 4500
005 - DATE AND TIME OF LATEST TRANSACTION
control field 20170124103124.0
010 ## - LIBRARY OF CONGRESS CONTROL NUMBER
LC control number A-706226
020 ## - INTERNATIONAL STANDARD BOOK NUMBER
Terms of availability 75.00
035 ## - SYSTEM CONTROL NUMBER
System control number A-706226
037 ## - SOURCE OF ACQUISITION
Source of stock number/acquisition Cen Lib/Ret
040 ## - CATALOGING SOURCE
Original cataloging agency DPL
Language of cataloging HN
082 ## - DEWEY DECIMAL CLASSIFICATION NUMBER
Classification number 824
Item number गणेश
100 ## - MAIN ENTRY--PERSONAL NAME
Personal name गणेशशंकर विद्यार्थी
9 (RLIN) 43912
245 ## - TITLE STATEMENT
Title जेल जीवन की झलक /
Statement of responsibility, etc गणेशशंकर विद्यार्थी
246 ## - VARYING FORM OF TITLE
Title proper/short title Jail jeevan ki jhalak
Remainder of title by Ganeshhsankar Vidyarthi
260 ## - PUBLICATION, DISTRIBUTION, ETC. (IMPRINT)
Place of publication, distribution, etc दिल्ली
Name of publisher, distributor, etc साहित्य प्रचारक
Date of publication, distribution, etc 1994
270 ## - ADDRESS
Address 3011, बल्लीमारान
City दिल्ली
Postal code 110006
300 ## - PHYSICAL DESCRIPTION
Extent xiv,176पृष्ठ.
Dimensions 18सेमी(सजिल्द)
650 ## - SUBJECT ADDED ENTRY--TOPICAL TERM
Topical term or geographic name as entry element हिंदी साहित्य
9 (RLIN) 82795
650 ## - SUBJECT ADDED ENTRY--TOPICAL TERM
Topical term or geographic name as entry element स्वराज्य किसके लिए
9 (RLIN) 82796
650 ## - SUBJECT ADDED ENTRY--TOPICAL TERM
Topical term or geographic name as entry element hindi literature
9 (RLIN) 82797
650 ## - SUBJECT ADDED ENTRY--TOPICAL TERM
Topical term or geographic name as entry element To whom Rule
9 (RLIN) 82798
942 ## - ADDED ENTRY ELEMENTS (KOHA)
Source of classification or shelving scheme Dewey Decimal Classification
Koha item type Hindi Books
Classification part 824
Call number suffix गणेश
Holdings
Withdrawn status Lost status Damaged status Not for loan Home library Current library Date acquired Source of acquisition Cost, normal purchase price Total Checkouts Full call number Barcode Date last seen Copy number Cost, replacement price Price effective from Koha item type
        Central Library Central Library 14/09/2015 Cen Lib/Ret 75.00   824 गणेश A-706226 14/09/2015 1 75.00 14/09/2015 Hindi Books

© Delhi Public Library
Hit Counter
free hit counter